A Revision of Quality Management Practices at GP-Soft Kft.

Bibliográfiai részletek
Szerző: Ruff Anna Ráhel
További közreműködők: Krajcsák Dr. Zoltán
Dokumentumtípus: Diplomadolgozat
Kulcsszavak:quality management
software development
GP-Soft
Ruff Anna
Online Access:http://dolgozattar.uni-bge.hu/9697

MARC

LEADER 00000nta a2200000 i 4500
001 dolg9697
005 20161219135651.0
008 161219suuuu hu om 000 eng d
040 |a BGE Dolgozattár Repozitórium  |b hun 
041 |a en 
100 1 |a Ruff Anna Ráhel 
245 1 2 |a A Revision of Quality Management Practices at GP-Soft Kft.  |c Ruff Anna Ráhel  |h [elektronikus dokumentum] 
246 1 1 |a A Revision of Quality Management Pracitces at GP-Soft Kft. 
695 |a quality management 
695 |a software development 
695 |a GP-Soft 
695 |a Ruff Anna 
700 1 |a Krajcsák Dr. Zoltán  |e ths 
856 4 0 |u http://dolgozattar.uni-bge.hu/9697/1/Ruff_Anna_szakdolgozat_v2.pdf  |z Dokumentum-elérés